| 000 | 00405nam a2200169Ia 4500 | ||
|---|---|---|---|
| 005 | 20250423095635.0 | ||
| 008 | 250422s9999 xx 000 0 und d | ||
| 020 | _a1- 4129- 4066- 4 | ||
| 050 | _aHN18.3.C76 | ||
| 100 | _aJames Crone | ||
| 245 | 0 | _aHow can we solve our social problems | |
| 260 | _bPine forge press | ||
| 260 | _c2007 | ||
| 300 | _a276 p | ||
| 650 | _aSocial problems | ||
| 942 | _cBK | ||
| 999 |
_c30885 _d30885 |
||